00744nam a22002057a 4500999001900000005001700019010001300036020002600049035001300075037001700088082000600105100001700111245008300128260003200211270007500243300002200318700002100340942002000361952015700381 c167670d16767020190916155829.0 aB-729995 a9780143442332c250.00 aB-729995 bPuffin Books aS aMurty, Sudha aThe upside-down King: bunusual tales about Rama and Krishna /cby Sudha Murty aGurgaonbPuffin Booksc2018 a7th Floor, Infinity Tower C, DLF Cyber CitybGurgaon (Haryana)e122002 a181p.c20 cm(pbk) aGupta, Priyankar 2ddccCHhSmMUR 001040708FICaZLSbZLSd2019-09-17eGift /Eng /13.09.2019g250.00l10m2oS MURpB-729995r2023-05-29 00:00:00s2023-05-13t1v250.00w2019-09-17yCH